| 000 | 00915nam a2200289 i 4500 | ||
|---|---|---|---|
| 003 | EG-GICUC | ||
| 005 | 20260225203551.0 | ||
| 008 | 260225s1962 it ||||fr|||| 00| 0 ita d | ||
| 040 |
_aEG-GiCUC _bita _cEG-GiCUC _dEG-GiCUC _erda |
||
| 082 | 0 | 4 |
_221 _a341.8 _bCO . E |
| 092 | 0 | 4 | _221 |
| 099 | _aLaw1 12 341.8 CO . E 1962 | ||
| 100 | 1 |
_aConforti, Benedetto _eAuthor. |
|
| 245 | 1 | 3 |
_aL'esecuzione Delle Obbligazioni Nel Diritto Internazionale Privato / _b _cBenedetto Conforti. |
| 264 | 1 |
_aMorano : _bMorano Editore, _c1962. |
|
| 300 |
_a326pages : _billustrations, _c24 cm |
||
| 336 |
_2rda content _atext |
||
| 337 |
_2rda media _aComputer |
||
| 338 |
_2rda carrier _aOnline Resource |
||
| 504 | _a | ||
| 546 | _a Text in Italian | ||
| 650 | 1 | 4 |
_aPrivate international law _2 |
| 651 | 1 | _2 | |
| 856 | 4 | 0 | _uhttps://fll.law.cu.edu.eg/fulltext/bks/B12-02562.pdf |
| 905 | _a50 | ||
| 942 |
_2ddc _cBK _e21 _n0 |
||
| 999 |
_c64226 _d64226 |
||